000
00448nam a2200169Ia 4500
003
LDD
008
190117s9999 xx 000 0 und d
020
_c
₹25
040
_c
LDD
041
_a
hi
082
_a
8H3.6 प्रे5922नि
100
_a
प्रेमचंद
245
0
_a
निर्मला
_c
प्रेमचंद
260
_a
इलाहाबाद
_b
हंस
_c
1985
300
_a
176प्र.
942
_2
ddc
_c
H
999
_c
164150
_d
164150